000 00499nam a22001337a 4500
005 20241129103559.0
008 241010b |||||||| |||| 00| 0 eng d
100 _aSavina, Elena.
_eauthor.
_962673
245 _aJourney around the world curriculum :
_bbridging global and prosocial education /
_cElena Savina.
260 _aWashington;
_bTaylor & Francis Group,
_cMarch-April 2020.
300 _aVolume 96, pages 42-49,
_billustration.
700 _aSavina, Elena.
_eauthor.
_962674
942 _2ddc
_cPER
999 _c22417
_d22417